• 首页
  • 本馆介绍
  • 公告通知
  • 最新文献
  • 馆藏检索
  • 电子资源
  • 读者导购
  • 参考咨询
  • 我的图书馆
  • 登录
  • 详细信息显示
  • 放入我的书架
  • 预约/预借图书
  • 作者相关作品
  • 分类相关作品
  • 丛书相关作品
  • 出版社相关作品

书目信息

  • 表格格式
  • 工作单格式
  • 卡片格式
题名:
城乡制度变革背景下的乡村规划理论与实践
    
 
作者: 李夺, , 黎鹏展, 著
分册:  
出版信息: 成都   电子科技大学出版社  2019.12
页数: 268页
开本: 26cm
丛书名:
单 册:
中图分类: TU982.29
科图分类:
主题词: 乡村规划--研究--中国
电子资源:
ISBN: 978-7-5647-6957-4
000 01334nam0 2200265 45
001 489688
005 20140818090955.0
010    @a978-7-5647-6957-4@dCNY79.00
099    @aCAL 012020039340
100    @a20200508d2019 em y0chiy0110 ea
101 0  @achi
102    @aCN@b510000
105    @aak a 000yy
106    @ar
200 1  @a城乡制度变革背景下的乡村规划理论与实践@Acheng xiang zhi du bian ge bei jing xia de xiang cun gui hua li lun yu shi jian@f李夺, 黎鹏展著
210    @a成都@c电子科技大学出版社@d2019.12
215    @a268页@c图@d26cm
320    @a有书目 (第267-268页)
330    @a本书分为四篇,共十三章。第一篇为乡村规划的理论基础,分为三章,概述了乡村发展与乡村规划的基本理论;第二篇为城乡制度变革影响下的乡村规划理论变迁,分为四章,在探究城乡制度变革的基础上,阐述了乡村规划的新目标体系、乡村规划的新内涵以及乡村规划的新理论框架;第三篇为城乡制度变革影响下的乡村规划实践,分为四章,分析了乡村产业发展规划与建设、乡村建设规划、乡村生态环境保护规划与建设以及乡村振兴战略规划;第四篇为城乡制度变革影响下的乡村规划案例,包括河南省信阳市光山县杨帆村村庄规划以及北京市门头沟区炭厂村村庄规划。
606 0  @a乡村规划@x研究@y中国
690    @aTU982.29@v5
701  0 @a李夺,@Ali duo@f1982-@4著
701  0 @a黎鹏展,@Ali peng zhan@f1982-@4著
801    @aCN@b江苏凤凰@c20211018
905    @b1356004-6@dTU982.29@e2099@f3
    
    城乡制度变革背景下的乡村规划理论与实践/李夺, 黎鹏展著.-成都:电子科技大学出版社,2019.12
    268页:图;26cm
    
    
    ISBN 978-7-5647-6957-4:CNY79.00
    本书分为四篇,共十三章。第一篇为乡村规划的理论基础,分为三章,概述了乡村发展与乡村规划的基本理论;第二篇为城乡制度变革影响下的乡村规划理论变迁,分为四章,在探究城乡制度变革的基础上,阐述了乡村规划的新目标体系、乡村规划的新内涵以及乡村规划的新理论框架;第三篇为城乡制度变革影响下的乡村规划实践,分为四章,分析了乡村产业发展规划与建设、乡村建设规划、乡村生态环境保护规划与建设以及乡村振兴战略规划;第四篇为城乡制度变革影响下的乡村规划案例,包括河南省信阳市光山县杨帆村村庄规划以及北京市门头沟区炭厂村村庄规划。
●
相关链接 在E读中查询图书 在五车中查询图书 在当当中查询图书 在豆瓣中查询图书


正题名:城乡制度变革背景下的乡村规划理论与实践     索取号:TU982.29/2099         预约/预借

序号 登录号 条形码 馆藏地/架位号 状态 备注
1 1356004   213560047   第二样本阅览室/ [索取号:TU982.29/2099] 在馆    
2 1356005   213560056   第三借阅区/ [索取号:TU982.29/2099] 在馆    
3 1356006   213560065   第三借阅区/ [索取号:TU982.29/2099] 在馆    
唐山师范学院图书馆 欢迎您!
大连网信软件有限公司© 版权所有